Seguridad, territorio, población. Curso en el Collège de France: 1977-1978

محفوظ في:
التفاصيل البيبلوغرافية
المؤلف الرئيسي: Foucault, Michel (مؤلف)
التنسيق: كتاب
اللغة:الإسبانية
منشور في: Buenos Aires Fondo de Cultura Económica de Argentina 2006
الطبعة:1a. ed
سلاسل:Sección de Obras de Sociología
الموضوعات:
الوسوم: إضافة وسم
لا توجد وسوم, كن أول من يضع وسما على هذه التسجيلة!

MARC

LEADER 00000cam a2200000 a 4500
001 UCJ0776
003 CL-VaPUC
008 060908e20060000AG |||||||||||||||||spa|d
020 |a 9505576714 
082 0 4 |a 320.01  |b FOU  |2 21 
100 |a Foucault, Michel  |e author  |9 257945 
245 1 0 |a Seguridad, territorio, población. Curso en el Collège de France: 1977-1978 
250 |a 1a. ed 
300 |a 484 p 
942 |c BK 
945 |d 20060908 00:00:00  |a cmena 
260 |a Buenos Aires  |b Fondo de Cultura Económica de Argentina  |c 2006 
650 7 |a FILOSOFIA POLITICA  |2 CL-VaPUC  |9 501121 
650 0 |a Filosofía social  |9 268191 
650 0 |a Cambio social   |9 256857 
650 0 |a Soberanía  |9 266726 
583 |a last modification  |c 20140106 03:57:55  |k Rodrigo Vera 
490 0 |a Sección de Obras de Sociología 
999 |c 317531  |d 317529 
952 |0 0  |1 0  |4 0  |6 320_010000000000000_FOU_2006  |7 0  |8 A  |9 393992  |a BIBGIM  |b BIBGIM  |d 2019-11-22  |i 4282485  |o 320.01 FOU 2006  |p 4282485  |r 2025-01-15  |w 2019-11-22  |y BK  |k SSL 
952 |0 0  |1 0  |4 0  |6 320_010000000000000_FOU_2006  |7 0  |8 A  |9 393993  |a BIBHIS  |b BIBHIS  |d 2019-11-22  |i 429064K  |o 320.01 FOU 2006  |p 429064K  |r 2025-01-20  |w 2019-11-22  |y BK  |k HIS 
952 |0 0  |1 0  |2 ddc  |4 0  |6 320_010000000000000_FOU_2006  |7 0  |8 A  |9 393994  |a BIBING  |b BIBING  |d 2019-11-22  |i 4429001  |o 320.01 FOU 2006  |p 4429001  |r 2025-01-20  |w 2019-11-22  |y BK  |k GEO 
952 |0 0  |1 0  |4 0  |6 320_010000000000000_FOU_2006  |7 0  |8 A  |9 393995  |a BIBHIS  |b BIBHIS  |d 2019-11-22  |i 4697251  |o 320.01 FOU 2006  |p 4697251  |r 2025-01-20  |w 2019-11-22  |y BK  |k HIS 
952 |0 0  |1 0  |4 0  |6 320_010000000000000_FOU_2006  |7 0  |8 A  |9 393996  |a BIBHIS  |b BIBHIS  |d 2019-11-22  |i 4746538  |o 320.01 FOU 2006  |p 4746538  |r 2025-01-20  |w 2019-11-22  |y BK  |k HIS 
952 |0 0  |1 0  |2 ddc  |3 erb  |4 0  |6 320_010000000000000_FOU_2006  |7 0  |8 A  |9 393997  |a BIBING  |b BIBING  |i 5045959  |o 320.01 FOU 2006  |p 5045959  |r 2025-01-20  |w 2019-11-22  |y BK  |z Catalogado en:20140109  |k GEO 
952 |0 0  |1 0  |2 ddc  |3 erb  |4 0  |6 320_010000000000000_FOU_2006  |7 0  |8 A  |9 393998  |a BIBING  |b BIBING  |i 5045967  |o 320.01 FOU 2006  |p 5045967  |r 2025-01-20  |w 2019-11-22  |y BK  |z Catalogado en:20140109  |k GEO 
952 |0 0  |1 0  |2 ddc  |3 erb  |4 0  |6 320_010000000000000_FOU_2006  |7 0  |8 A  |9 393999  |a BIBING  |b BIBING  |i 5045975  |l 1  |o 320.01 FOU 2006  |p 5045975  |r 2025-01-20  |s 2023-09-21  |w 2019-11-22  |y BK  |z Catalogado en:20140109  |k GEO 
952 |0 0  |1 0  |2 ddc  |3 erb  |4 0  |6 320_010000000000000_FOU_2006  |7 0  |8 A  |9 394000  |a BIBING  |b BIBING  |i 5069912  |o 320.01 FOU 2006  |p 5069912  |r 2025-01-20  |w 2019-11-22  |y BK  |z Catalogado en:20140502  |k GEO 
952 |0 0  |1 0  |2 ddc  |3 erb  |4 0  |6 320_010000000000000_FOU_2006  |7 0  |8 A  |9 394001  |a BIBING  |b BIBING  |i 5143772  |o 320.01 FOU 2006  |p 5143772  |r 2025-01-20  |w 2019-11-22  |y BK  |z Catalogado en:20150402  |k GEO